Statistiques concernant Buts de Benzema

Cliquez ici pour prendre le quiz!

Statistiques générales

  • Ce quiz a été pris 121 fois
  • Le résultat moyen est 26 sur 57

Statistiques - réponses

Nombre de buts de BenzemaClubs% Correct
16Barcelone
98%
6PSG
90%
8Atlético de Madrid
89%
11Seville
88%
4OM
87%
6Manchester City
86%
10Real Valladolid
84%
12Espanyol Barcelone
81%
3Real Zaragoza
81%
16Valence
81%
6Chelsea
74%
4Bayern Munich
73%
8Betis Seville
71%
19Athletic Bilbao
70%
3OL
69%
7Liverpool
67%
3ASSE
60%
3Dortmund
59%
3Bordeaux
58%
9Real Sociedad
58%
5Auxerre
57%
9Getafe
56%
9Villareal
55%
4Nice
54%
3Toulouse
46%
12Celta Vigo
42%
7Majorque
42%
10Malaga
42%
10Rayo Vallecano
42%
6Elche
40%
4Metz
40%
7Almeria
38%
9Eibar
38%
5Deportivo La Corogne
37%
5Osasuna
37%
5Girona Futbol Club
35%
5Sochaux
35%
14Grenade
34%
4Ajax
33%
5Caen
31%
10Levante
29%
9Deportivo Alavés
27%
3Real Sporting de Gijón
25%
3Grenoble
24%
3Malmö FF
23%
4Le Mans
22%
5Galatasaray
20%
4Shakhtar Donetsk
20%
3Schalke 04
19%
3Huesca
18%
4APOEL Nicosie
14%
5Leganes
12%
4Racing Santander
9%
3Borussia Mönchengladbach
6%
3Steaua Bucarest
5%
3Plzen
4%
3US Créteil-Lusitanos
3%

Distribution des résultats

Percentile par nombre de réponses

% des personnes avec chaque résultat

Votre développement - résultats

Vous n’avez pas pris ce quiz